| 000 | 01005nam a2200289 i 4500 | ||
|---|---|---|---|
| 001 | bg | ||
| 100 | 1 |
_aSIEMION, Ignacy Zenon _d(1932-2002) |
|
| 245 | 1 | 0 |
_aLutum sapientiae, czyli notatek chaotycznych część pierwsza / _cIgnacy Siemion ; Polskie Towarzystwo Chemiczne. |
| 260 |
_aWrocław : _bWydaw. Uniwersytetu Wrocławskiego, _c2002. |
||
| 300 |
_a258, [1] s. : _bil. (w tym kolor.) ; _c24 cm. |
||
| 490 | 1 | _aWiadomości Chemiczne : biblioteka | |
| 504 | _aBibliogr. przy rozdz. | ||
| 600 | 1 | 9 |
_aSiemion, Ignacy Zenon (1932-2002) _xbiografia |
| 650 | 9 |
_aChemia _xhistoria |
|
| 650 | 9 |
_aChemicy _xbiografie _zPolska _yod 1944 r. |
|
| 650 | 9 |
_aFelieton polski _yod 1980 r. |
|
| 655 | _aPublicystyka | ||
| 710 | 0 | _aPolskie Towarzystwo Chemiczne | |
| 830 | _aWiadomości Chemiczne : biblioteka | ||
| 020 | _a8322922337 | ||
| 040 | _cBPK | ||
| 041 | 0 | _apol | |
| 080 | _a54:929-052A/Z](438)"1944/..." | ||
| 920 | _a83-229-2233-7 | ||
| 942 | _cKS | ||
| 008 | s pl f |000 0 pol | ||
| 999 |
_c42523 _d42523 |
||
| 856 |
_uhttp://koha.tu.koszalin.pl/cgi-bin/koha/opac-detail.pl?biblionumber=42523 _yKatalog online BPK |
||